000 00775nam a2200253Ia 4500
003 OSt
005 20221005110342.0
006 a|||||r|||| 00| 0
007 ta
008 221004b |||||||| |||| 00| 0 hin d
024 _a108787
037 _cTextual
040 _aCRL
_cCRL
_bhin
041 _2hin
_ahin
082 _aO152,1NSH6x, M1
100 _aश्याम सिंह शशि
245 0 _aअग्निसागर
246 _aAgnisāgara
260 _aनई दिल्ली
_bकिताब घर भारत
_c1981
300 _a110पृ0
_ccm.
650 _aहिन्दी साहित्य
942 _hO152,1NSH6x, M1
_cTEXL
_2cc
999 _c1018551
_d1018551